000 00366nam a22001337a 4500
020 _a9781612500997
082 _a371.37 ROT
100 _aRothstein, Dan
245 _aMake just one change : teach students to ask their own questions
260 _aUSA
_bHarvard Education Press
_c2011
300 _aix, 176p. :
_e24 cn
650 _aInquiry-based learning
942 _cBK
999 _c12863
_d12863